a little princess (Record no. 8003)

MARC details
000 -LEADER
fixed length control field 00812nam a22001937a 4500
003 - CONTROL NUMBER IDENTIFIER
control field OSt
005 - DATE AND TIME OF LATEST TRANSACTION
control field 20260129075405.0
008 - FIXED-LENGTH DATA ELEMENTS--GENERAL INFORMATION
fixed length control field 260129b |||||||| |||| 00| 0 eng d
040 ## - CATALOGING SOURCE
Original cataloging agency DWCL GS library
Transcribing agency OC
082 ## - DEWEY DECIMAL CLASSIFICATION NUMBER
Classification number Fic. B9341 1994
100 ## - MAIN ENTRY--PERSONAL NAME
Personal name Burnett, Frances Hodgson
245 ## - TITLE STATEMENT
Title a little princess
260 ## - PUBLICATION, DISTRIBUTION, ETC.
Place of publication, distribution, etc. New York
Name of publisher, distributor, etc. Random House, Inc
Date of publication, distribution, etc. c1994
300 ## - PHYSICAL DESCRIPTION
Extent 106
Dimensions 20cm
520 ## - SUMMARY, ETC.
Summary, etc. Sara crewe is a student at miss minchin's fancy boarding school. She has the very best of everything. But when her rich father dies, she's left without a penny. Now sara lives in the cold attic and works for crusts of bread. Only magic could make her a little princess!
546 ## - LANGUAGE NOTE
Language note english
700 ## - ADDED ENTRY--PERSONAL NAME
Personal name Frances Hodgson burnett
942 ## - ADDED ENTRY ELEMENTS (KOHA)
Source of classification or shelving scheme Dewey Decimal Classification
Koha item type Fiction
Classification part Fic. B934I 1994
Suppress in OPAC No
952 ## - LOCATION AND ITEM INFORMATION (KOHA)
--
Holdings
Withdrawn status Lost status Source of classification or shelving scheme Damaged status Not for loan Home library Current library Shelving location Date acquired Total Checkouts Full call number Barcode Date last seen Price effective from Koha item type Uniform Resource Identifier
    Dewey Decimal Classification     Grade School Library Grade School Library Fiction 01/29/2026   Fic. B934I 1994 9922 01/29/2026 01/29/2026 FIC.